000 00450nam a22001457a 4500
999 _c130163
_d130163
008 200122b ||||| |||| 00| 0 eng d
050 _aDA580.D64 1974
100 _aDonaldson, Frances
_948994
245 _aEdward viii
_cFrances Donaldson
260 _aLondon
_bWeidenfeld and Nicolson
_c1974
300 _axii, 447p. ;
_c23cm.
600 _aWindsor, Edward
_948995
651 _aGreat Britain
_eEdward viii
_xHistory
_948996
942 _2lcc
_cMONOGRAPH